| 000 | 00754cam a2200229 a 4500 | ||
|---|---|---|---|
| 001 | 2581617 | ||
| 005 | 20180112040309.0 | ||
| 008 | 961023s1997 cau b 000 0 eng | ||
| 010 | _a 96045391 | ||
| 020 | _a0761985190 (acidfree, recycled paper) | ||
| 040 |
_aDLC _cDLC _dDLC |
||
| 041 | _aeng | ||
| 080 | _a301 NEW | ||
| 082 | 0 | 0 |
_a301 NEW _221 |
| 100 | _a50 | ||
| 101 | _aSOC | ||
| 245 | 0 | 0 |
_aSociology : _c[edited by] David M. Newman. |
| 504 | _aIncludes bibliographical references. | ||
| 906 |
_a7 _bcbc _corignew _d1 _eocip _f19 _gy-gencatlg |
||
| 942 |
_2ddc _cBK |
||
| 999 |
_c40166 _d40166 |
||